000 00484cam a22002051 4500
001 sa 67005291
003 DLC
005 20260227112355.0
008 890616s1966 ii 000 0 hino
010 _asa 67005291
035 _a(OCoLC)19884019
040 _aDLC
_cWaU
_dDLC
042 _apremarc
050 0 0 _aPK2098.42.Y28
_bV4
100 1 _aVyas, Ramnarayan.
245 1 0 _aVe use nahīṃ roka sake.
260 _c[1966]
300 _a169 p.
_b19 cm.
500 _aIn Hindi.
999 _c75094
_d75094